[Event "2. Bundesliga Mitte 2013/2014"]
[Site "St. Veit/Glan"]
[Date "2014.03.23"]
[Round "8"]
[Board "2"]
[White "Traunwieser, Georg"]
[Black "Kuba, Guenter"]
[Result "1/2-1/2"]
[WhiteElo "2121"]
[BlackElo "2378"]
[PlyCount "43"]
[EventDate "2013.10.04"]
[EventType "team"]
[EventRounds "11"]
[EventCountry "AUT"]
[WhiteTeam "SPG Freistadt/Wartberg"]
[BlackTeam "SK Sparkasse Fuerstenfeld"]

1. d4 d5 2. c4 dxc4 3. e3 e5 4. Bxc4 exd4 5. exd4 Bd6 6. Nf3 Nf6 7. O-O O-O 8.
h3 h6 9. Nc3 a6 10. Ne5 b5 11. Qf3 Ra7 12. Bb3 c5 13. Be3 c4 14. Bc2 Rc7 15.
Rad1 Bb7 16. Qg3 Kh8 17. Bxh6 gxh6 18. Qf4 Ng8 19. Qf5 Nf6 20. Qf4 Ng8 21. Qf5
Nf6 22. Qf4 1/2-1/2

[Event "2. Bundesliga Mitte 2013/2014"]
[Site "St. Veit/Glan"]
[Date "2014.03.23"]
[Round "8"]
[Board "3"]
[White "Radnetter, Georg"]
[Black "Ly, Daniel"]
[Result "1-0"]
[WhiteElo "2257"]
[BlackElo "2079"]
[PlyCount "33"]
[EventDate "2013.10.04"]
[EventType "team"]
[EventRounds "11"]
[EventCountry "AUT"]
[WhiteTeam "SK Sparkasse Fuerstenfeld"]
[BlackTeam "SPG Freistadt/Wartberg"]

1. Nf3 c5 2. c4 Nc6 3. d4 cxd4 4. Nxd4 d5 5. e3 Nf6 6. cxd5 Nxd4 7. exd4 Nxd5
8. Nc3 e6 9. Qb3 a6 10. Be2 Ne7 11. O-O Qxd4 12. Rd1 Qe5 13. Qa4+ Nc6 14. Bf4
Qa5 15. Qxa5 Nxa5 16. Bc7 Nc6 17. Na4 1-0

[Event "2. Bundesliga Mitte 2013/2014"]
[Site "St. Veit/Glan"]
[Date "2014.03.23"]
[Round "8"]
[Board "6"]
[White "Grabner, Hermann"]
[Black "Posch, Siegfried"]
[Result "1/2-1/2"]
[WhiteElo "1973"]
[BlackElo "2028"]
[PlyCount "94"]
[EventDate "2013.10.04"]
[EventType "team"]
[EventRounds "11"]
[EventCountry "AUT"]
[WhiteTeam "SPG Freistadt/Wartberg"]
[BlackTeam "SK Sparkasse Fuerstenfeld"]

1. e4 c5 2. d4 cxd4 3. c3 d5 4. exd5 Qxd5 5. Nf3 Nc6 6. cxd4 e5 7. dxe5 Qxd1+
8. Kxd1 Bc5 9. Be3 Bxe3 10. fxe3 Nge7 11. Bc4 O-O 12. a3 Ng6 13. e6 Bxe6 14.
Bxe6 fxe6 15. Nc3 Nce5 16. Ke2 Nxf3 17. gxf3 Nh4 18. f4 Rf7 19. Rhd1 Raf8 20.
Rf1 Nf5 21. Ne4 Rc8 22. Rac1 Rfc7 23. Rxc7 Rxc7 24. Rd1 h6 25. Rd2 Rc1 26. Nf2
Kh7 27. Kf3 Re1 28. e4 Re3+ 29. Kg2 Nh4+ 30. Kf1 Ng6 31. f5 exf5 32. exf5 Nh4
33. f6 Rf3 34. Rd7 Rxf6 35. Rxb7 a6 36. a4 Nf5 37. a5 Ne3+ 38. Ke2 Nc4 39. b4
Rd6 40. Ne4 Rd4 41. Nc5 Rd2+ 42. Ke1 Rb2 43. Ne6 Kg6 44. Nxg7 Nxa5 45. Rb6+
Kxg7 46. bxa5 Rxh2 47. Rxa6 Ra2 1/2-1/2

[Event "2. Bundesliga Mitte 2013/2014"]
[Site "St. Veit/Glan"]
[Date "2014.03.23"]
[Round "8"]
[Board "1"]
[White "Freitag, Manfred"]
[Black "Renner, Christoph"]
[Result "0-1"]
[WhiteElo "2382"]
[BlackElo "2379"]
[PlyCount "159"]
[EventDate "2013.10.04"]
[EventType "team"]
[EventRounds "11"]
[EventCountry "AUT"]
[WhiteTeam "ESV Austria Graz"]
[BlackTeam "Spg. Sauwald"]

1. d4 f5 2. g3 Nf6 3. Bg2 g6 4. Nf3 Bg7 5. O-O O-O 6. c4 d6 7. Nc3 c6 8. Rb1 a5
9. b3 Na6 10. Bb2 Qc7 11. d5 e5 12. dxe6 Bxe6 13. Nd4 Bf7 14. e4 fxe4 15. Nxe4
Nxe4 16. Bxe4 a4 17. Nf3 Bxb2 18. Rxb2 Nc5 19. Bb1 axb3 20. axb3 Ra3 21. Ng5
Qe7 22. h4 Qf6 23. Rd2 Rxb3 24. Rxd6 Qe5 25. Re1 Rxg3+ 26. Kh1 Rxg5 27. Rxe5
Rxe5 28. Rd8 Be8 29. Qd6 Re1+ 30. Kg2 Ne6 31. Rb8 Nf4+ 32. Kh2 Nh5 33. Kg2 Nf4+
34. Kh2 Nh5 35. Kg2 Rxb1 36. Qe6+ Bf7 37. Qd6 Rxb8 38. Qxb8+ Kg7 39. Qe5+ Kg8
40. Qb8+ Kg7 41. Qe5+ Nf6 42. h5 gxh5 43. Qg3+ Bg6 44. Qc7+ Kg8 45. Qe7 Ne8 46.
c5 Rb4 47. f3 Ng7 48. Qd8+ Be8 49. Qf6 Rc4 50. Qe7 Rc2+ 51. Kh3 Rf2 52. Qf6 Rd2
53. Qc3 Bd7+ 54. Kg3 Rd5 55. Qa3 Rg5+ 56. Kf2 Be8 57. Qe3 Rf5 58. Qe7 Rf7 59.
Qg5 Rd7 60. Qf6 Bf7 61. Qg5 Kf8 62. Qf6 Kg8 63. Qg5 Bd5 64. f4 Be4 65. Qe5 Bg6
66. Qf6 Nf5 67. Qe6+ Rf7 68. Qe8+ Kg7 69. Qe5+ Kh6 70. Kg2 h4 71. Kh2 Re7 72.
Qf6 Re2+ 73. Kg1 Re3 74. Qf8+ Kh5 75. Qd8 Rg3+ 76. Kf2 h3 77. Qd1+ Kh6 78. Qh1
Ra3 79. Qe4 Ra2+ 80. Ke1 0-1

[Event "2. Bundesliga Mitte 2013/2014"]
[Site "St. Veit/Glan"]
[Date "2014.03.23"]
[Round "8"]
[Board "2"]
[White "Schmidt, Peter"]
[Black "Karner, Christoph"]
[Result "1/2-1/2"]
[WhiteElo "2377"]
[BlackElo "2343"]
[PlyCount "113"]
[EventDate "2013.10.04"]
[EventType "team"]
[EventRounds "11"]
[EventCountry "AUT"]
[WhiteTeam "Spg. Sauwald"]
[BlackTeam "ESV Austria Graz"]

1. Nf3 Nf6 2. g3 g6 3. b3 Bg7 4. Bb2 O-O 5. Bg2 c5 6. c4 Nc6 7. O-O d6 8. d4
cxd4 9. Nxd4 Bd7 10. Nc3 a6 11. Rc1 Re8 12. e3 Qa5 13. h3 Rac8 14. a3 Qh5 15.
Qxh5 Nxh5 16. Nd5 Nxd4 17. Bxd4 Bc6 18. Rfe1 Bxd4 19. exd4 Bxd5 20. Bxd5 Rc7
21. c5 Rec8 22. b4 Nf6 23. Bf3 b6 24. Be2 bxc5 25. dxc5 a5 26. Ba6 Ra8 27. b5
Rxc5 28. Rxc5 dxc5 29. Rxe7 Nd5 30. Rd7 Nb6 31. Rc7 Na4 32. Kg2 Kg7 33. Bc8 Kf6
34. Bg4 Rb8 35. Ra7 Nc3 36. Ra6+ Ke5 37. b6 Nd5 38. Rxa5 Kd4 39. Ra7 c4 40. b7
c3 41. Bd1 Kd3 42. Ra5 Nb6 43. Rb5 Rxb7 44. a4 Kd2 45. Bb3 Rb8 46. a5 Nd7 47.
Rd5+ Kc1 48. Ba4 Nf6 49. Rc5 Kd2 50. a6 Ra8 51. Rc6 Ng8 52. Rd6+ Kc1 53. Rc6
Kb2 54. Rb6+ Kc1 55. Rc6 Kb2 56. Rb6+ Kc1 57. Rc6 1/2-1/2

[Event "2. Bundesliga Mitte 2013/2014"]
[Site "St. Veit/Glan"]
[Date "2014.03.23"]
[Round "8"]
[Board "3"]
[White "Kotz, Heinz Peter"]
[Black "Hellmayr, Alois"]
[Result "1/2-1/2"]
[WhiteElo "2339"]
[BlackElo "2209"]
[PlyCount "91"]
[EventDate "2013.10.04"]
[EventType "team"]
[EventRounds "11"]
[EventCountry "AUT"]
[WhiteTeam "ESV Austria Graz"]
[BlackTeam "Spg. Sauwald"]

1. e4 c5 2. Nf3 e6 3. d4 cxd4 4. Nxd4 a6 5. Nc3 Qc7 6. g3 Nf6 7. Bg2 Nc6 8. O-O
Nxd4 9. Qxd4 Bc5 10. Bf4 d6 11. Qd2 O-O 12. Rad1 Ne8 13. Rfe1 e5 14. Nd5 Qd8
15. Bg5 f6 16. Be3 b5 17. Qc3 Bxe3 18. Nxe3 Be6 19. Rd2 Rc8 20. Qb4 Rc6 21. a4
Qb6 22. Bf1 Nc7 23. Red1 a5 24. Qa3 b4 25. Qd3 b3 26. Nd5 Bxd5 27. exd5 Rxc2
28. Rxc2 bxc2 29. Qxc2 Rf7 30. Bh3 Re7 31. Rd3 e4 32. Re3 Qd4 33. Bf5 Nxd5 34.
Rxe4 Rxe4 35. Bxe4 g6 36. Qc8+ Kf7 37. Bxd5+ Qxd5 38. Qd7+ Kg8 39. Qe8+ Kg7 40.
Qe7+ Kg8 41. Qxf6 Qd1+ 42. Kg2 Qxa4 43. Qxd6 Qe4+ 44. Kg1 Qe1+ 45. Kg2 Qe4+ 46.
Kg1 1/2-1/2

[Event "2. Bundesliga Mitte 2013/2014"]
[Site "St. Veit/Glan"]
[Date "2014.03.23"]
[Round "8"]
[Board "4"]
[White "Hiermann, Dietmar"]
[Black "Fahrner, Kurt"]
[Result "1/2-1/2"]
[WhiteElo "2290"]
[BlackElo "2294"]
[PlyCount "114"]
[EventDate "2013.10.04"]
[EventType "team"]
[EventRounds "11"]
[EventCountry "AUT"]
[WhiteTeam "Spg. Sauwald"]
[BlackTeam "ESV Austria Graz"]

1. e4 e5 2. Nf3 Nc6 3. Bc4 Bc5 4. c3 Qe7 5. O-O d6 6. d4 Bb6 7. h3 Nf6 8. Re1
h6 9. a4 a6 10. Be3 O-O 11. Nbd2 Bd7 12. dxe5 dxe5 13. Bxb6 cxb6 14. Bd5 b5 15.
axb5 axb5 16. Qe2 Rxa1 17. Rxa1 Nd8 18. Qe3 Qd6 19. Bb3 Ne6 20. Nf1 Nc5 21. Bc2
Qc7 22. Ng3 Na4 23. Rb1 b4 24. Bxa4 Bxa4 25. b3 Bc6 26. cxb4 Qd6 27. Re1 Nd7
28. Qc3 Ra8 29. Nf5 Qe6 30. Qd3 Nf6 31. Ng3 Ra3 32. Re3 Ra1+ 33. Kh2 Ra2 34.
Qb1 Ra6 35. Qb2 Nd7 36. Ne1 Bb5 37. Nc2 Qd6 38. Na3 Qxb4 39. Nxb5 Qxb5 40. Qd2
Nf8 41. Qd8 Qd7 42. Qb8 Re6 43. Nf5 Re8 44. Qa7 Kh7 45. Qa5 g6 46. Ng3 Qd6 47.
Qb5 Qc6 48. Qxc6 bxc6 49. Rc3 Rb8 50. Ne2 Ne6 51. Rxc6 Rxb3 52. Rc2 Kg7 53. f3
Kf6 54. Kg3 h5 55. h4 Rd3 56. Ra2 Nd4 57. Nxd4 Rxd4 1/2-1/2

[Event "2. Bundesliga Mitte 2013/2014"]
[Site "St. Veit/Glan"]
[Date "2014.03.23"]
[Round "8"]
[Board "5"]
[White "Spindelboeck, Gernot"]
[Black "Testor, Sebastian"]
[Result "1/2-1/2"]
[WhiteElo "2252"]
[BlackElo "2308"]
[PlyCount "165"]
[EventDate "2013.10.04"]
[EventType "team"]
[EventRounds "11"]
[EventCountry "AUT"]
[WhiteTeam "ESV Austria Graz"]
[BlackTeam "Spg. Sauwald"]

1. d4 e6 2. c4 Nf6 3. g3 d5 4. Bg2 dxc4 5. Nf3 c5 6. Qa4+ Bd7 7. Qxc4 Nc6 8.
O-O b5 9. Qd3 Rc8 10. dxc5 Bxc5 11. Nc3 b4 12. Ne4 Nxe4 13. Qxe4 Qb6 14. Qg4
Bd4 15. Nxd4 Qxd4 16. e4 Ne5 17. Qe2 Qd3 18. Qxd3 Nxd3 19. Be3 Ke7 20. Bxa7 Rc2
21. b3 Bb5 22. Rfd1 Nb2 23. Rdc1 Rhc8 24. Be3 Be2 25. Rxc2 Rxc2 26. Rc1 Rc3 27.
Bd2 Rxc1+ 28. Bxc1 Nd3 29. Bd2 Bd1 30. Bf1 Bc2 31. Bxd3 Bxd3 32. Bxb4+ Kd7 33.
Bc3 g6 34. f3 f5 35. exf5 exf5 36. Kf2 Bb1 37. a3 Bc2 38. b4 Kc6 39. Ke3 Kd5
40. Bg7 h5 41. Kd2 Ba4 42. Kc3 Bd1 43. f4 Ba4 44. Bf8 Kc6 45. Kc4 Kb6 46. Bc5+
Kc6 47. Bf2 Bb5+ 48. Kb3 Be2 49. a4 Bd1+ 50. Ka3 Kd5 51. Bc5 Kc4 52. Be7 Bc2
53. b5 Bd1 54. Bb4 h4 55. gxh4 Bc2 56. Be1 Bd1 57. b6 Bf3 58. Kb2 Bb7 59. a5
Ba6 60. Kc2 Kd5 61. Kc3 Kc6 62. Kd4 Be2 63. h5 Bxh5 64. Ke5 Kb7 65. Kd6 Be2 66.
Bf2 Bd3 67. Ke5 Be2 68. Kf6 Bh5 69. Kg5 Ka6 70. h4 Kb7 71. Kf6 Ka6 72. Ke5 Kb7
73. Kd6 Be2 74. Be1 Bd3 75. Bc3 Be2 76. Kd7 Bd3 77. Bf6 Be2 78. Bd4 Bd3 79. Be5
Be2 80. h5 Bxh5 81. a6+ Kxa6 82. Kc7 Bf3 83. Bf6 1/2-1/2

[Event "2. Bundesliga Mitte 2013/2014"]
[Site "St. Veit/Glan"]
[Date "2014.03.23"]
[Round "8"]
[Board "6"]
[White "Niederwieser, Peter"]
[Black "Aschenbrenner, Robert"]
[Result "0-1"]
[WhiteElo "2203"]
[BlackElo "2279"]
[PlyCount "70"]
[EventDate "2013.10.04"]
[EventType "team"]
[EventRounds "11"]
[EventCountry "AUT"]
[WhiteTeam "Spg. Sauwald"]
[BlackTeam "ESV Austria Graz"]

1. d4 d5 2. c4 c6 3. Nc3 dxc4 4. e4 b5 5. a4 b4 6. Na2 Nf6 7. e5 Nd5 8. Bxc4
Bf5 9. Nf3 e6 10. O-O Be7 11. Bd2 a5 12. Nc1 Nd7 13. Qe2 O-O 14. Nb3 h6 15.
Rac1 Qb6 16. h3 Rfd8 17. Be3 Be4 18. Nfd2 Bg6 19. Nf3 Bh5 20. Bd3 Nxe3 21. Qxe3
Bxf3 22. Qxf3 c5 23. Qe4 f5 24. exf6 Nxf6 25. Qf3 cxd4 26. Rc6 Qb7 27. Rfc1 Ra7
28. Qe2 Bf8 29. Rxe6 Kh8 30. Rcc6 Qf7 31. Qf3 Re8 32. Nxd4 Rd7 33. Rxe8 Qxe8
34. Ne2 Rxd3 35. Rxf6 Rxf3 0-1

[Event "2. Bundesliga Mitte 2013/2014"]
[Site "St. Veit/Glan"]
[Date "2014.03.23"]
[Round "8"]
[Board "1"]
[White "Rabiega, Robert"]
[Black "Nemeth, Miklos"]
[Result "0-1"]
[WhiteElo "2488"]
[BlackElo "2482"]
[PlyCount "82"]
[EventDate "2013.10.04"]
[EventType "team"]
[EventRounds "11"]
[EventCountry "AUT"]
[WhiteTeam "Strassenbahn Graz"]
[BlackTeam "SV Steyregg"]

1. e4 e5 2. Nf3 Nc6 3. Bc4 Bc5 4. c3 Nf6 5. d3 d6 6. b4 Bb6 7. a4 a6 8. O-O h6
9. Nbd2 O-O 10. Bb3 Ne7 11. Nc4 Ba7 12. Be3 Ng6 13. Bxa7 Rxa7 14. Re1 Be6 15.
g3 Re8 16. Ne3 Ra8 17. Bxe6 Rxe6 18. Qb3 c6 19. b5 d5 20. Nd2 Rd6 21. bxc6 bxc6
22. Rab1 d4 23. Nf5 dxc3 24. Nxd6 cxd2 25. Qxf7+ Kh7 26. Red1 Qxd6 27. Rb7 Rg8
28. Rxd2 Nf8 29. Qe7 Nxe4 30. Qxd6 Nxd6 31. Rb6 Nf5 32. Rdb2 Nd4 33. Rxa6 Nfe6
34. Ra5 c5 35. Kg2 e4 36. dxe4 c4 37. Rb1 c3 38. Re5 Rc8 39. Rc1 c2 40. a5 Nc5
41. Rd5 Ncb3 0-1

[Event "2. Bundesliga Mitte 2013/2014"]
[Site "St. Veit/Glan"]
[Date "2014.03.23"]
[Round "8"]
[Board "2"]
[White "Priborsky, Jan"]
[Black "Mohr, Georg"]
[Result "1/2-1/2"]
[WhiteElo "2358"]
[BlackElo "2481"]
[PlyCount "137"]
[EventDate "2013.10.04"]
[EventType "team"]
[EventRounds "11"]
[EventCountry "AUT"]
[WhiteTeam "SV Steyregg"]
[BlackTeam "Strassenbahn Graz"]

1. e4 c5 2. Nf3 d6 3. d4 Nf6 4. Nc3 cxd4 5. Nxd4 g6 6. Bc4 Bg7 7. O-O O-O 8.
Re1 Nc6 9. Bb3 Na5 10. Nd5 Nxb3 11. axb3 Ne8 12. Bg5 f6 13. Bh4 e6 14. Nc3 a6
15. Qd2 Rb8 16. Rad1 Qd7 17. Bg3 Qf7 18. Nde2 e5 19. Nd5 h5 20. c4 b5 21. Nec3
Kh7 22. f3 bxc4 23. bxc4 Qb7 24. b4 Be6 25. Rb1 Rc8 26. Qe2 Nc7 27. Bf2 Nxd5
28. exd5 Bf5 29. Ne4 Bxe4 30. fxe4 f5 31. c5 fxe4 32. Qxe4 Rf4 33. Qd3 Rxb4 34.
c6 Qb8 35. Rxb4 Qxb4 36. Qxa6 Rf8 37. c7 Qc3 38. Qxd6 Rc8 39. Qe6 Qxc7 40. d6
Qc6 41. Rd1 Rd8 42. h3 Rd7 43. Kh1 Rd8 44. Bg3 Qc2 45. Qd5 Rd7 46. Kh2 Qf5 47.
Rd2 g5 48. Re2 Qg6 49. Rd2 Qf5 50. Re2 Qg6 51. Bxe5 Bxe5+ 52. Rxe5 Qxd6 53.
Qxd6 Rxd6 54. Rxg5 Kh6 55. Ra5 Rd3 56. Kg1 Rd2 57. Ra3 Rb2 58. Kh2 h4 59. Ra6+
Kh5 60. Kg1 Rc2 61. Kf1 Rb2 62. Ra5+ Kg6 63. Re5 Ra2 64. Re2 Ra3 65. Kf2 Kh5
66. Rb2 Ra5 67. Rb3 Kg5 68. Rb4 Rc5 69. Kf3 {Partie endete nach 94 Zügen remis}
 1/2-1/2

[Event "2. Bundesliga Mitte 2013/2014"]
[Site "St. Veit/Glan"]
[Date "2014.03.23"]
[Round "8"]
[Board "3"]
[White "Supancic, Darko"]
[Black "Burlacu, Bogdan"]
[Result "1/2-1/2"]
[WhiteElo "2334"]
[BlackElo "2342"]
[PlyCount "82"]
[EventDate "2013.10.04"]
[EventType "team"]
[EventRounds "11"]
[EventCountry "AUT"]
[WhiteTeam "Strassenbahn Graz"]
[BlackTeam "SV Steyregg"]

1. Nf3 Nf6 2. g3 g6 3. Bg2 Bg7 4. O-O O-O 5. d3 d5 6. Nbd2 Nc6 7. e4 e5 8. c3
Re8 9. Qc2 h6 10. Re1 Be6 11. h3 Qd7 12. Kh2 g5 13. Nf1 g4 14. hxg4 Nxg4+ 15.
Kg1 Ne7 16. N1h2 c6 17. exd5 Nxd5 18. Bd2 Rad8 19. Rad1 Nxh2 20. Nxh2 c5 21. a3
Ne7 22. Bc1 b6 23. Qe2 f5 24. Qh5 Bf7 25. Qh3 Qd6 26. Nf3 Bd5 27. Rd2 Rf8 28.
Rde2 Bxf3 29. Bxf3 Qxd3 30. Re3 Qd6 31. Be2 Ng6 32. Rd3 Qe6 33. Rxd8 Rxd8 34.
Bxh6 Nf4 35. Bxf4 exf4 36. Qh4 Rd2 37. Kf1 Qh6 38. Bc4+ Kh7 39. Re2 fxg3 40.
fxg3 Qxh4 41. gxh4 Rxe2 1/2-1/2

[Event "2. Bundesliga Mitte 2013/2014"]
[Site "St. Veit/Glan"]
[Date "2014.03.23"]
[Round "8"]
[Board "4"]
[White "Enoeckl, Philipp"]
[Black "Krebs, Johann"]
[Result "0-1"]
[WhiteElo "2339"]
[BlackElo "2250"]
[PlyCount "96"]
[EventDate "2013.10.04"]
[EventType "team"]
[EventRounds "11"]
[EventCountry "AUT"]
[WhiteTeam "SV Steyregg"]
[BlackTeam "Strassenbahn Graz"]

1. d4 Nf6 2. Bg5 Ne4 3. Bf4 c5 4. f3 Nf6 5. dxc5 b6 6. e4 Nc6 7. Nc3 bxc5 8.
Bc4 d6 9. e5 dxe5 10. Qxd8+ Kxd8 11. O-O-O+ Kc7 12. Be3 e6 13. Nh3 Be7 14. Nf2
Bb7 15. Nd3 Nd7 16. Na4 Nd4 17. c3 Bc6 18. Naxc5 Nxc5 19. cxd4 Nxd3+ 20. Rxd3
e4 21. Rc3 Bb4 22. Rc2 Kd7 23. fxe4 Bxe4 24. Bb5+ Kd8 25. Rc4 Bd6 26. Bc6 Rc8
27. d5 Bxg2 28. Rg1 exd5 29. Rc3 Bb4 30. Rxg2 Bxc3 31. Bxd5 Bd4+ 32. Kd2 Bxe3+
33. Kxe3 f6 34. Rxg7 Rc7 35. Rg2 Re8+ 36. Kf4 Re5 37. Bg8 Ke8 38. b3 Rg5 39.
Re2+ Re7 40. Rxe7+ Kxe7 41. Bxh7 Rh5 42. Bg8 Rxh2 43. a4 Kd6 44. Ke4 Rg2 45.
Bf7 a5 46. Kf5 Rf2+ 47. Ke4 Kc5 48. Ke3 Rb2 0-1

[Event "2. Bundesliga Mitte 2013/2014"]
[Site "St. Veit/Glan"]
[Date "2014.03.23"]
[Round "8"]
[Board "5"]
[White "Pesorda, Ivan"]
[Black "Wiesinger, Robert"]
[Result "1/2-1/2"]
[WhiteElo "2246"]
[BlackElo "2252"]
[PlyCount "81"]
[EventDate "2013.10.04"]
[EventType "team"]
[EventRounds "11"]
[EventCountry "AUT"]
[WhiteTeam "Strassenbahn Graz"]
[BlackTeam "SV Steyregg"]

1. d4 Nf6 2. c4 e6 3. Nc3 Bb4 4. Qc2 O-O 5. Nf3 d5 6. cxd5 exd5 7. Bg5 h6 8.
Bxf6 Qxf6 9. a3 Bf5 10. Qb3 Bxc3+ 11. bxc3 Qb6 12. Nd2 Qxb3 13. Nxb3 Nd7 14. e3
c5 15. Bb5 c4 16. Bxd7 Bxd7 17. Nd2 Bf5 18. Ra2 Rfe8 19. Rb2 Re6 20. O-O Rb6
21. Rxb6 axb6 22. Ra1 Ra5 23. f3 Rb5 24. Ra2 Bb1 25. Ra1 Bd3 26. Ra2 f5 27. Kf2
Kf7 28. h4 g5 29. Kg3 Ra5 30. hxg5 hxg5 31. Kf2 Ke7 32. e4 fxe4 33. fxe4 dxe4
34. Ke3 Ke6 35. Rb2 Rxa3 36. Rxb6+ Kd5 37. Rb5+ Kd6 38. Nxe4+ Bxe4 39. Kxe4
Rxc3 40. Rxb7 Rg3 41. Rb6+ 1/2-1/2

[Event "2. Bundesliga Mitte 2013/2014"]
[Site "St. Veit/Glan"]
[Date "2014.03.23"]
[Round "8"]
[Board "6"]
[White "Forstner, Joerg"]
[Black "Steiner, Stefan"]
[Result "0-1"]
[WhiteElo "2106"]
[BlackElo "2284"]
[PlyCount "68"]
[EventDate "2013.10.04"]
[EventType "team"]
[EventRounds "11"]
[EventCountry "AUT"]
[WhiteTeam "SV Steyregg"]
[BlackTeam "Strassenbahn Graz"]

1. d4 Nf6 2. Nf3 e6 3. Bg5 c5 4. Bxf6 Qxf6 5. e3 Nc6 6. c3 d5 7. Bd3 Bd6 8.
Nbd2 Bd7 9. O-O O-O 10. Re1 e5 11. dxe5 Nxe5 12. Nxe5 Qxe5 13. f4 Qe7 14. e4
Bxf4 15. exd5 Qd6 16. Nf3 Rae8 17. Qc2 g6 18. c4 Bg4 19. Kh1 Bxf3 20. gxf3 Re5
21. Rxe5 Qxe5 22. Rd1 Re8 23. Be4 f5 24. Bd3 Qe3 25. Kg2 Bd6 26. Qd2 Qd4 27.
Qf2 Qxf2+ 28. Kxf2 Bxh2 29. b4 Bd6 30. Rc1 b6 31. b5 Kg7 32. Rc2 Bf4 33. Re2
Rxe2+ 34. Bxe2 Kf6 0-1

[Event "2. Bundesliga Mitte 2013/2014"]
[Site "St. Veit/Glan"]
[Date "2014.03.23"]
[Round "8"]
[Board "1"]
[White "Pilaj, Herwig"]
[Black "Haba, Petr"]
[Result "1/2-1/2"]
[WhiteElo "2376"]
[BlackElo "2498"]
[PlyCount "87"]
[EventDate "2013.10.04"]
[EventType "team"]
[EventRounds "11"]
[EventCountry "AUT"]
[WhiteTeam "Union Styria Graz"]
[BlackTeam "Spg. Grieskirchen/Sedda B.Schallerbach"]

1. c4 c6 2. Nf3 d5 3. e3 Nf6 4. Nc3 e6 5. b3 Bd6 6. Bb2 O-O 7. Be2 e5 {[%emt 0:
00:00]} 8. d4 e4 9. Nd2 a6 10. g4 Be6 11. h4 b5 12. g5 Ne8 13. Qc2 f5 14. c5
Be7 15. f4 Nc7 16. b4 a5 17. bxa5 Bc8 18. Nb3 Ne6 19. a3 Na6 20. Na2 Bd7 21.
Nb4 Nxb4 22. axb4 Ra6 23. O-O-O Nc7 24. Rdg1 Be6 25. Bc3 Qd7 26. Kb2 Rb8 27.
Bd2 Kf8 28. Bh5 Bd8 29. Nc1 Raa8 30. Be2 Na6 31. Nb3 Bc7 32. Bf1 Ke7 33. Be2
Rb7 34. Rg2 Rf8 35. Qd1 Kd8 36. Bf1 Qe8 37. Be2 Kc8 38. Bh5 Qd7 39. Be2 Kb8 40.
Qc2 Ka7 41. Nc1 Bd8 42. Na2 Be7 43. Kb3 Qc8 44. Rgg1 1/2-1/2

[Event "2. Bundesliga Mitte 2013/2014"]
[Site "St. Veit/Glan"]
[Date "2014.03.23"]
[Round "8"]
[Board "3"]
[White "Wertjanz, David"]
[Black "Schwabeneder, Florian"]
[Result "0-1"]
[WhiteElo "2281"]
[BlackElo "2353"]
[PlyCount "66"]
[EventDate "2013.10.04"]
[EventType "team"]
[EventRounds "11"]
[EventCountry "AUT"]
[WhiteTeam "Union Styria Graz"]
[BlackTeam "Spg. Grieskirchen/Sedda B.Schallerbach"]

1. g3 e5 2. c4 Nf6 3. Bg2 d5 4. cxd5 Nxd5 5. Nc3 Nb6 6. d3 Nc6 7. Be3 Bd6 8.
Rc1 O-O 9. Nf3 f5 10. a3 Kh8 11. O-O f4 12. Bxb6 axb6 13. Ne4 Bg4 14. Rc3 Qd7
15. Qc1 Nd4 16. Nxd4 exd4 17. Rc2 Be5 18. Ng5 c6 19. Nf3 Rae8 20. Nxe5 Rxe5 21.
f3 Be6 22. g4 Bb3 23. Rd2 Qe7 24. Qb1 Re8 25. Rf2 c5 26. Bf1 Re3 27. h3 b5 28.
Qc1 Qe5 29. Qb1 c4 30. Kg2 Rc8 31. dxc4 bxc4 32. Kg1 c3 33. Rd3 c2 0-1

[Event "2. Bundesliga Mitte 2013/2014"]
[Site "St. Veit/Glan"]
[Date "2014.03.23"]
[Round "8"]
[Board "4"]
[White "Lentrodt, Thomas"]
[Black "Stagl, Marco"]
[Result "1-0"]
[WhiteElo "2282"]
[BlackElo "2149"]
[PlyCount "112"]
[EventDate "2013.10.04"]
[EventType "team"]
[EventRounds "11"]
[EventCountry "AUT"]
[WhiteTeam "Spg. Grieskirchen/Sedda B.Schallerbach"]
[BlackTeam "Union Styria Graz"]

1. d4 {[%emt 0:00:00]} d5 2. Nf3 Nf6 3. g3 c6 4. Bg2 Bf5 5. O-O Nbd7 6. Nbd2 h6
7. c4 e6 8. Qb3 Qb6 9. c5 Qc7 10. Qa4 b5 11. cxb6 Nxb6 12. Qa5 c5 13. dxc5 Qxc5
14. Qxc5 Bxc5 15. Nb3 Be7 16. Nbd4 Be4 17. Nc6 Bd6 18. b3 O-O 19. Bb2 Rfc8 20.
Rac1 Nc4 21. bxc4 Rxc6 22. Bxf6 gxf6 23. cxd5 Rxc1 24. Rxc1 Bxd5 25. Nd4 Bxg2
26. Kxg2 Rb8 27. Rc6 Rb6 28. Rxb6 axb6 29. Nb5 Bc5 30. e3 Kf8 31. Kf3 f5 32.
Ke2 Ke7 33. Kd3 Kd7 34. Kc4 Kc6 35. a4 e5 36. Nc3 f4 37. exf4 exf4 38. Ne4 fxg3
39. hxg3 Bf8 40. g4 Bg7 41. Ng3 Bb2 42. Nf5 Bc1 43. Ne7+ Kd6 44. Nd5 Kc6 45.
Nb4+ Kb7 46. Kb5 Bb2 47. Nd5 Bd4 48. f3 Bg1 49. Ne7 Bh2 50. Kc4 Bd6 51. Nf5 Bf4
52. Kb5 Ka7 53. Ne7 Be3 54. Nc8+ Kb7 55. Nd6+ Kc7 56. Nxf7 Bd4 1-0

[Event "2. Bundesliga Mitte 2013/2014"]
[Site "St. Veit/Glan"]
[Date "2014.03.23"]
[Round "8"]
[Board "5"]
[White "Manhardt, Thomas"]
[Black "Humer, Wolfgang"]
[Result "1/2-1/2"]
[WhiteElo "2226"]
[BlackElo "2267"]
[PlyCount "60"]
[EventDate "2013.10.04"]
[EventType "team"]
[EventRounds "11"]
[EventCountry "AUT"]
[WhiteTeam "Union Styria Graz"]
[BlackTeam "Spg. Grieskirchen/Sedda B.Schallerbach"]

1. e4 c5 2. Nf3 Nc6 3. d4 cxd4 4. Nxd4 g6 5. Nc3 Bg7 6. Be3 Nf6 7. Bc4 Qa5 8.
O-O O-O 9. Bb3 d6 10. Nd5 Re8 11. Nxf6+ Bxf6 12. c3 Bd7 13. f4 Rad8 14. Qf3 Rf8
15. f5 Ne5 16. Qg3 Rc8 17. Bg5 Kg7 18. Bxf6+ exf6 19. fxg6 fxg6 20. Be6 Qb6 21.
Kh1 Rce8 22. Bxd7 Nxd7 23. Nf5+ Kh8 24. Nxd6 Re6 25. Nc4 Qc6 26. Na5 Qb6 27. b4
Rxe4 28. Qd3 Re7 29. Nc4 Qc6 30. Na5 Qb6 1/2-1/2

[Event "2. Bundesliga Mitte 2013/2014"]
[Site "St. Veit/Glan"]
[Date "2014.03.23"]
[Round "8"]
[Board "6"]
[White "Obermayr, Hermann"]
[Black "Schriebl, Alexander"]
[Result "1/2-1/2"]
[WhiteElo "2172"]
[BlackElo "2078"]
[PlyCount "82"]
[EventDate "2013.10.04"]
[EventType "team"]
[EventRounds "11"]
[EventCountry "AUT"]
[WhiteTeam "Spg. Grieskirchen/Sedda B.Schallerbach"]
[BlackTeam "Union Styria Graz"]

1. d4 Nf6 2. c4 g6 3. Nc3 d5 4. e3 Bg7 5. Nf3 O-O 6. Qb3 e6 7. Bd2 c6 8. Bd3
Nbd7 9. O-O Re8 10. Rfd1 Qb6 11. Qc2 dxc4 12. Bxc4 Nd5 13. e4 Nxc3 14. bxc3 Qa5
15. Rab1 b5 16. Bd3 Qd8 17. Bg5 Bf6 18. Bxf6 Qxf6 19. Re1 e5 20. Re3 a6 21.
Rbe1 c5 22. Qb2 cxd4 23. cxd4 exd4 24. e5 Qb6 25. Nxd4 Nc5 26. Qd2 Rd8 27. Nb3
Nxb3 28. axb3 Bf5 29. Qe2 Bxd3 30. Rxd3 Rxd3 31. Qxd3 Rd8 32. Qf3 Qd4 33. h3
Qd3 34. Qf6 Re8 35. Re3 Qd1+ 36. Kh2 Re6 37. Qf4 Qd5 38. h4 h5 39. Qg5 Qd2 40.
Qg3 Kh7 41. Qf3 Qd7 1/2-1/2

[Event "2. Bundesliga Mitte 2013/2014"]
[Site "St. Veit/Glan"]
[Date "2014.03.23"]
[Round "8"]
[Board "1"]
[White "Arztmann, Wolfgang"]
[Black "Kreisl, Robert"]
[Result "1/2-1/2"]
[WhiteElo "2194"]
[BlackElo "2435"]
[PlyCount "51"]
[EventDate "2013.10.04"]
[EventType "team"]
[EventRounds "11"]
[EventCountry "AUT"]
[WhiteTeam "SV Raika Rapid Feffernitz II"]
[BlackTeam "SC MPOE Maria Saal II"]

1. e4 c6 2. d4 d5 3. exd5 cxd5 4. c4 Nf6 5. Nc3 Nc6 6. Nf3 g6 7. Bg5 Ne4 8.
cxd5 Nxc3 9. bxc3 Qxd5 10. Be2 Bg7 11. O-O Bg4 12. Qb3 Qxb3 13. axb3 h6 14. Be3
a6 15. h3 Bd7 16. Rfd1 e6 17. Nd2 Ne7 18. Nc4 Nd5 19. Bd2 O-O 20. Bf3 Rad8 21.
Ne5 Bc8 22. Rac1 Ne7 23. Nc4 Nd5 24. Ne5 Ne7 25. Nc4 Nd5 26. Ne5 1/2-1/2